书目信息 |
| 题名: |
管理者的知识管理
|
|
| 作者: | 李瀚洋 编著 | |
| 分册: | ||
| 出版信息: | 北京 中国经济出版社 2006 |
|
| 页数: | 274页 | |
| 开本: | 23cm | |
| 丛书名: | 管理者自我管理丛书 | |
| 单 册: | ||
| 中图分类: | C931.3 | |
| 科图分类: | ||
| 主题词: | 管理--技术 , 管理--方法 , 知识--Zhi Shi--管理 | |
| 电子资源: | ||
| ISBN: | 7-5017-0850-9 | |
| 000 | 00795nam 2200277 450 | |
| 001 | CAL 012006013802 | |
| 005 | 20061120112101.46 | |
| 010 | @a7-5017-0850-9@dCNY 32.00 | |
| 099 | @aCAL 012006013802 | |
| 100 | @a20060217d2006 kmey0chiy0121 ea | |
| 101 | 0 | @achi |
| 102 | @aCN@b110000 | |
| 105 | @ay z 000yy | |
| 200 | 1 | @a管理者的知识管理@AGuan Li Zhe De Zhi Shi Guan Li@f李瀚洋等编著 |
| 210 | @a北京@c中国经济出版社@d2006 | |
| 215 | @a274页@d23cm | |
| 225 | 2 | @a管理者自我管理丛书@AGuan Li Zhe Zi Wo Guan Li Cong Shu |
| 410 | 0 | @12001 @a管理者自我管理丛书 |
| 606 | 0 | @a管理@x技术 |
| 606 | 0 | @a管理@x方法 |
| 606 | 0 | @a知识@AZhi Shi@x管理 |
| 690 | @aC931.3@v4 | |
| 701 | 0 | @a李瀚洋@ALi Han Yang@4编著 |
| 801 | @aCN@c20061120 | |
| 905 | @a10447@dC931.3@eL170 | |
| 998 | @aHBG | |
| 管理者的知识管理/李瀚洋等编著.-北京:中国经济出版社,2006 |
| 274页;23cm.-(管理者自我管理丛书) |
| ISBN 7-5017-0850-9:CNY 32.00 |
| ● |
| 相关链接 |
|
|
|
正题名:管理者的知识管理
索取号:C931.3/L170
 
预约/预借
| 序号 | 登录号 | 条形码 | 馆藏地/架位号 | 状态 | 备注 |
| 1 | 612266 | 206122667 | 社科库509/509社科库 64排6列1层/ [索取号:C931.3/L170] | 在馆 | |
| 2 | 612267 | 206122676 | 社科库509/509社科库 64排6列1层/ [索取号:C931.3/L170] | 在馆 | |
| 3 | 612268 | 206122685 | 社科库509/509社科库 64排6列1层/ [索取号:C931.3/L170] | 在馆 |